000 00614cam a22002173a 4500
001 35340
003 PGUSA
005 20140828083748.0
008 110221s2011||||xxu|||||s|||||000 | eng d
040 _aPGUSA
_beng
042 _adc
100 1 _aDeslys, Charles
245 1 0 _aKuninkaan toverit
_h[electronic resource] /
_cCharles Deslys
260 _bProject Gutenberg,
_c2011
506 _aPublic domain in the USA.
516 _aElectronic text
700 1 _aYrjö-Koskinen, Yrjö Sakari,
_d1830-1903
830 0 _aProject Gutenberg
_v35340
856 4 0 _uhttp://www.gutenberg.org/ebooks/35340
942 _cEB
999 _c264595
_d264595